| 000 | 00968cam a22003137a 4500 | ||
|---|---|---|---|
| 003 | CHAP | ||
| 005 | 20220329135433.0 | ||
| 008 | 971013s r 00010 d | ||
| 010 | _a36446 | ||
| 011 | _a37418 | ||
| 035 | _a41538 | ||
| 040 | _cCHAP | ||
| 090 | _aFolleto 6122 | ||
| 110 |
_aMéxico. Dirección de Economía Rural _976934 |
||
| 245 | 1 | 3 |
_aEl ajo _b: producción nacional |
| 260 |
_a(s.l.) : _bLa Dirección, _c(s.a.) |
||
| 300 |
_a16 p. _b; mapas; gráfs |
||
| 590 |
_aBATCH-UPD _b10 _c20130110 _lUCH01 _h0153 |
||
| 590 |
_aBATCH-UPD _b10 _c20130110 _lUCH01 _h2146 |
||
| 590 |
_aBATCH-UPD _b10 _c20130409 _lUCH01 _h2154 |
||
| 590 |
_aBATCH-UPD _b10 _c20130410 _lUCH01 _h1454 |
||
| 590 |
_aBATCH-UPD _b10 _c20130913 _lUCH01 _h2325 |
||
| 590 |
_aCONVERSION _b10 _c20130109 _lUCH01 _h1320 |
||
| 650 | 1 | 4 |
_aAjo _xEstadisticas. _93188 |
| 650 | 1 | 4 |
_aAjo _xMéxico. _93201 |
| 901 | _aBK | ||
| 942 | _cFOLL | ||
| 949 |
_aFolleto 6122 _bBC _cFOLL _d-95185 _eTS1 _i41538 _mD _si |
||
| 999 |
_c36446 _d36446 |
||